00887nam a22002177a 4500999001900000005001700019010001500036020002600051035001400077037001300091082000800104100002400112245009900136250001900235260006700254270014600321300003600467700002500503942002200528952011900550 c187309d18730920220412114821.0 aENG-132273 a9789354490781c799.00 aEN-115805 bDBAD/PUB a547 aSingh, Maya Shankar aAdvance Organic Chemistry:bReaction and Mechanism/cMaya shankar Singh and Keshav Raghuvanshi aSecond Edition aUttar pradeshbPearson India Education Services Pvt, Ltdc2021 bUttar Pradesh a15th Floor, Tower -B , World Trade Tower , plot no.1 , Block -C ,Sector 16, Noidamcompanysecretary.india@pearson.come201301 axxvii, 668p.bIndexc23cm.(pbk) aRaghuvanshi , Keshav 2ddccENmMAYh547 001040718NFICaDBADbMd2022-04-12eDBAD/PUBg799.00l0o547 MAYpEN-115805r2022-04-12 00:00:00t1v799.00yEN